<?xml version="1.0" encoding="UTF-8"?>
<marc:record xmlns:marc="http://www.loc.gov/MARC21/slim">
   <marc:leader>00000nam a2200000 a 4500</marc:leader>
   <marc:datafield ind1="1" ind2=" " tag="100">
      <marc:subfield code="a">Hitchcock, Alfred</marc:subfield>
      <marc:subfield code="4">aut</marc:subfield>
      <marc:subfield code="e">Verfasser/-in</marc:subfield>
   </marc:datafield>
   <marc:datafield ind1="0" ind2="0" tag="245">
      <marc:subfield code="a">Die drei Fragezeichen und der rasende Löwe 15 (Drei Fragezeichen)</marc:subfield>
   </marc:datafield>
   <marc:datafield ind1="0" ind2="0" tag="245">
      <marc:subfield code="b">Gelb/Nr. 15</marc:subfield>
   </marc:datafield>
   <marc:datafield ind1="0" ind2="0" tag="245">
      <marc:subfield code="c">Hitchcock, Alfred</marc:subfield>
   </marc:datafield>
   <marc:datafield ind1=" " ind2="1" tag="264">
      <marc:subfield code="a">[Sl]</marc:subfield>
   </marc:datafield>
   <marc:datafield ind1="1" ind2=" " tag="490">
      <marc:subfield code="a">Die drei Fragezeichen</marc:subfield>
      <marc:subfield code="v">15</marc:subfield>
   </marc:datafield>
   <marc:datafield ind1="1" ind2=" " tag="520">
      <marc:subfield code="a">Richtig langweilig ist es Justus, Bob und Peter. Doch im richtigen Moment verhilft ihnen Alfred Hitchcock zu einem interessanten Fall: Der sonst so sanfte Löwe George - Attraktion in Jim Halls "Dschungelland", einem Tierpark für Touristen - ist in letzter Zeit so unruhig. Besonders nachts ... Und nicht nur George, sondern auch ein Gorilla und ein schwarzer Panther streifen plötzlich frei herum. Da kann einem schon etwas mulmig werden. Wer könnte Interesse daran haben, wilde Tiere aus ihren Käfigen zu lassen? Und warum sind Eisenstäbe aus der Trödelhandlung von Justus Onkel auf einmal so gefragt? Was haben Diamanten mit der ganzen Geschichte zu tun? Außerdem müssen Justus, Bob und Peter noch so seltsamen Typen wie Hank Murphy, Dobbsie und Olson auf die Schliche kommen, und dabei geraten sie prompt in Lebensgefahr. Denn mit wilden Tieren und Diamantschmugglern ist nicht zu spaßen.</marc:subfield>
   </marc:datafield>
   <marc:datafield ind1=" " ind2=" " tag="338">
      <marc:subfield code="a">Audiodisk</marc:subfield>
   </marc:datafield>
</marc:record>
